000 00640nam a22001817a 4500
005 20260303141034.0
010 _aBACEN26
020 _a9789365577297
_c1595.00
037 _bHimalaya Publishing House
082 _22
_a371.33
100 _aRawal, Swaroop Sampat
_988052
245 _aLife Skills Education Through Drama:
_bAn Interactive Manual For Growth/
_cby Swaroop Sampat Rawal
250 _a2
260 _aMumbai
_bHimalaya Publishing House
_c2025
270 _aDr. Bhalerao Marg, Girgaon
_bMumbai
_e400004
_k022-23860170
_mhimpub@bharatmail.co.in
300 _a336p.
_c22cm(Hb)
942 _2ddc
_cEN
_h371.33
_mRAW
999 _c215133
_d215133